Catálogo

Introducing game theory / (Registro nro. 68076)

Detalles MARC
000 -LEADER
fixed length control field 01274aam a2200337 i 4500
003 - CONTROL NUMBER IDENTIFIER
control field Mx-PuUPA
005 - DATE AND TIME OF LATEST TRANSACTION
control field 20220302080812.0
008 - FIXED-LENGTH DATA ELEMENTS--GENERAL INFORMATION
fixed length control field 190401s2017 xxka||||r|||| 00| 0 eng d
020 ## - INTERNATIONAL STANDARD BOOK NUMBER
International Standard Book Number 9781785780820
040 ## - CATALOGING SOURCE
Original cataloging agency Mx-PuUPA
Language of cataloging spa
Transcribing agency Mx-PuUPA
Modifying agency Mx-PuUPA
Description conventions rda
041 0# - LANGUAGE CODE
Language code of text/sound track or separate title eng
100 1# - MAIN ENTRY--PERSONAL NAME
Personal name Pastine, Ivan,
9 (RLIN) 9082
Relator term autor
245 10 - TITLE STATEMENT
Title Introducing game theory /
Statement of responsibility, etc. Ivan Pastine, Tuvana Pastine & Tom Humberstone
246 34 - VARYING FORM OF TITLE
Title proper/short title Introducing game theory :
Remainder of title a graphic guide
264 #1 - PRODUCTION, PUBLICATION, DISTRIBUTION, MANUFACTURE, AND COPYRIGHT NOTICE
Place of production, publication, distribution, manufacture London :
Name of producer, publisher, distributor, manufacturer Icon Books,
Date of production, publication, distribution, manufacture, or copyright notice 2017
300 ## - PHYSICAL DESCRIPTION
Extent 175 páginas :
Other physical details ilustraciones ;
Dimensions 17 cm.
336 ## - CONTENT TYPE
Fuente rdacontent
Content type term texto
Content type code txt
337 ## - MEDIA TYPE
Source rdamedia
Media type term sin medio
Media type code n
338 ## - CARRIER TYPE
Source rdacarrier
Carrier type term volumen
Carrier type code nc
650 #4 - SUBJECT ADDED ENTRY--TOPICAL TERM
Topical term or geographic name entry element Toma de decisiones
650 #4 - SUBJECT ADDED ENTRY--TOPICAL TERM
Topical term or geographic name entry element Administración
General subdivision Toma de decisiones
650 #4 - SUBJECT ADDED ENTRY--TOPICAL TERM
Topical term or geographic name entry element Negocios
General subdivision Toma de decisiones
650 #4 - SUBJECT ADDED ENTRY--TOPICAL TERM
Topical term or geographic name entry element Ciencias políticas
General subdivision Toma de decisiones
700 1# - ADDED ENTRY--PERSONAL NAME
Personal name Pastine, Tuvana,
Relator term autor
700 1# - ADDED ENTRY--PERSONAL NAME
Personal name Humberstone, Tom,
Relator term autor
942 ## - ADDED ENTRY ELEMENTS (KOHA)
Source of classification or shelving scheme Dewey Decimal Classification
Koha item type Libro
Classification part 658.4036
Item part P277
Existencias
Withdrawn status Lost status Source of classification or shelving scheme Damaged status Not for loan Collection code Home library Current library Shelving location Date acquired Source of acquisition Cost, normal purchase price Total Checkouts Total Renewals Full call number Barcode Date last seen Date last checked out Cost, replacement price Price effective from Koha item type Copy number
    Dewey Decimal Classification     General Biblioteca Karol Wojtyla Biblioteca Karol Wojtyla Sala general 08/12/2022 2 206.46 2 1 658.4036 P277 2017 99718 05/01/2026 04/11/2024 206.46 08/12/2022 Libro  
    Dewey Decimal Classification     General Biblioteca Karol Wojtyla Biblioteca Karol Wojtyla Sala general 08/12/2022 2 174.18     658.4036 P277 2017 99752 05/01/2026   174.18 08/12/2022 Libro Ej.1